|
|
|
|
| LEADER |
00000nbm0a2200000 4500 |
| 001 |
113674 |
| 005 |
20231031122000.0 |
| 029 |
0 |
0 |
|a SU
|b 01825060041
|f ТПУ
|
| 035 |
|
|
|a (RuTPU)RU\TPU\book\122936
|
| 090 |
|
|
|a 113674
|
| 100 |
|
|
|a 20070413d1988 k y0rusy50 ca
|
| 101 |
0 |
|
|a rus
|
| 102 |
|
|
|a RU
|
| 105 |
|
|
|a a p 001zy
|
| 200 |
1 |
|
|a Исследование динамики и расчет жесткости конструкции прибора А-8
|e отчет о НИР: заключительный отчет
|f Томский политехнический институт ; руководитель В. П. Нестеренко ; исполнители А. П. Соколов ; М. П. Шумский ; Л. Г. Жолобова ; В. М. Замятин ; Г. А. Симоненко ; В. В. Мазуров
|
| 210 |
|
|
|a Томск
|c Изд-во ТПИ
|d 1983
|
| 215 |
|
|
|a 117 л.
|c ил.
|
| 229 |
|
|
|a Тема х\д 4-22/81
|a Инв. № 0283. 047983
|
| 320 |
|
|
|a Библиогр.: с. 117.
|
| 610 |
1 |
|
|a маховики
|
| 610 |
1 |
|
|a оптимизация
|
| 610 |
1 |
|
|a динамика
|
| 610 |
1 |
|
|a жесткость
|
| 610 |
1 |
|
|a расчет
|
| 610 |
1 |
|
|a прочность
|
| 610 |
1 |
|
|a инерция
|
| 610 |
1 |
|
|a отчеты о НИР
|
| 675 |
|
|
|a 62-56(04)
|v 3
|
| 702 |
|
1 |
|a Нестеренко
|b В. П.
|4 673
|
| 702 |
|
1 |
|a Соколов
|b А. П.
|4 677
|
| 702 |
|
1 |
|a Шумский
|b М. П.
|4 677
|
| 702 |
|
1 |
|a Жолобова
|b Л. Г.
|4 677
|
| 702 |
|
1 |
|a Замятин
|b В. М.
|4 677
|
| 702 |
|
1 |
|a Симоненко
|b Г. А.
|4 677
|
| 702 |
|
1 |
|a Мазуров
|b В. В.
|4 677
|
| 712 |
0 |
2 |
|a Томский политехнический институт
|z 1944-1991
|2 stltpush
|3 (RuTPU)RU\TPU\col\1123
|
| 801 |
|
1 |
|a RU
|b 63413507
|c 20070413
|g PSBO
|
| 801 |
|
2 |
|a RU
|b 63413507
|c 20080122
|g PSBO
|
| 942 |
|
|
|c BK
|